000 00462nmm a2200169Ia 4500
008 251105s9999||||xx |||||||||||||||||und||
020 _a9788495839725
041 _aspa
100 _aLarraguibel, Claudia
245 0 _aReír como ellos
264 _a[Madrid, España] :
_bOcho y Medio,
_c2004
300 _a260 páginas
490 _aFurtivos
650 _aLatin American literature
856 _uhttps://public.digitaliapublishing.com/a/411
942 _cCF
999 _c89676
_d89676